<?xml version="1.0" encoding="UTF-8"?>
<record
    xmlns:xsi="http://www.w3.org/2001/XMLSchema-instance"
    xsi:schemaLocation="http://www.loc.gov/MARC21/slim http://www.loc.gov/standards/marcxml/schema/MARC21slim.xsd"
    xmlns="http://www.loc.gov/MARC21/slim">

  <leader>02449nam a22002417a 4500</leader>
  <controlfield tag="005">20230102113812.0</controlfield>
  <controlfield tag="008">221230b           ||||| |||| 00| 0 eng d</controlfield>
  <datafield tag="020" ind1=" " ind2=" ">
    <subfield code="a">9789352138159</subfield>
  </datafield>
  <datafield tag="040" ind1=" " ind2=" ">
    <subfield code="c">AL</subfield>
  </datafield>
  <datafield tag="041" ind1=" " ind2=" ">
    <subfield code="a">English</subfield>
  </datafield>
  <datafield tag="082" ind1=" " ind2=" ">
    <subfield code="2">23</subfield>
    <subfield code="a">004.6782</subfield>
    <subfield code="b">DOTP</subfield>
  </datafield>
  <datafield tag="100" ind1=" " ind2=" ">
    <subfield code="a">Chris Dotson</subfield>
    <subfield code="9">68034</subfield>
  </datafield>
  <datafield tag="245" ind1=" " ind2=" ">
    <subfield code="a">Practical Cloud Security: A Guide For Secure Design And Deployment</subfield>
  </datafield>
  <datafield tag="260" ind1=" " ind2=" ">
    <subfield code="a">Mumbai</subfield>
    <subfield code="b">Shroff Publishers and Distributors Pvt Ltd</subfield>
    <subfield code="c">2021</subfield>
  </datafield>
  <datafield tag="300" ind1=" " ind2=" ">
    <subfield code="a">xii,181 p.</subfield>
    <subfield code="b">PB</subfield>
    <subfield code="c">23x17.5 cm.</subfield>
  </datafield>
  <datafield tag="365" ind1=" " ind2=" ">
    <subfield code="a">VBI-1675</subfield>
    <subfield code="b">&#x20B9;713.00</subfield>
    <subfield code="c">&#x20B9;</subfield>
    <subfield code="d">&#x20B9;950.00</subfield>
    <subfield code="e">25%</subfield>
    <subfield code="f">19-12-2022</subfield>
  </datafield>
  <datafield tag="520" ind1=" " ind2=" ">
    <subfield code="a">All Indian Reprints of O'Reilly are printed in Grayscale
Practical Cloud Security: A Guide for Secure Design and Deployment
Home/Books/Practical Cloud Security: A Guide for Secure Design and Deployment
Description
Features
Table of Contents
All Indian Reprints of O'Reilly are printed in Grayscale
With their rapidly changing architecture and API-driven automation, cloud platforms come with unique security challenges and opportunities. This hands-on book guides you through security best practices for multivendor cloud environments, whether your company plans to move legacy on-premises projects to the cloud or build a new infrastructure from the ground up.
Developers, IT architects, and security professionals will learn cloud-specific techniques for securing popular cloud platforms such as Amazon Web Services, Microsoft Azure, and IBM Cloud. Chris Dotson&#x2014;an IBM senior technical staff member&#x2014;shows you how to establish data asset management, identity and access management, vulnerability management, network security, and incident response in your cloud environment.
Learn how standard principles and concepts, such as least privilege and defense in depth, apply in the cloud
Compare cloud-based and on-premises data asset management and protection
Manage cloud providers that store or process data or deliver administrative control
Understand the critical role played by identity and asset management (IAM) in the cloud
Set up a continuous process for managing potential vulnerabilities
Learn how network controls in the cloud provide a vital layer of protection
Use tactics to detect, respond to, and recover from security incidents</subfield>
  </datafield>
  <datafield tag="650" ind1=" " ind2=" ">
    <subfield code="a">Computer networks--Access control</subfield>
    <subfield code="9">67976</subfield>
  </datafield>
  <datafield tag="650" ind1=" " ind2=" ">
    <subfield code="a">Computer networks--Security measures</subfield>
    <subfield code="9">67977</subfield>
  </datafield>
  <datafield tag="650" ind1=" " ind2=" ">
    <subfield code="a">Cloud computing</subfield>
    <subfield code="9">67978</subfield>
  </datafield>
  <datafield tag="700" ind1=" " ind2=" ">
    <subfield code="a">DOTSON (Chris)</subfield>
    <subfield code="9">67979</subfield>
  </datafield>
  <datafield tag="942" ind1=" " ind2=" ">
    <subfield code="2">ddc</subfield>
    <subfield code="c">BK</subfield>
  </datafield>
  <datafield tag="999" ind1=" " ind2=" ">
    <subfield code="c">226127</subfield>
    <subfield code="d">226127</subfield>
  </datafield>
  <datafield tag="952" ind1=" " ind2=" ">
    <subfield code="0">0</subfield>
    <subfield code="1">0</subfield>
    <subfield code="2">ddc</subfield>
    <subfield code="4">0</subfield>
    <subfield code="7">0</subfield>
    <subfield code="8">CAA</subfield>
    <subfield code="a">AL</subfield>
    <subfield code="b">AL</subfield>
    <subfield code="d">2022-12-27</subfield>
    <subfield code="e">Vidyarthi Books Bengaluru 560076</subfield>
    <subfield code="g">713.00</subfield>
    <subfield code="l">0</subfield>
    <subfield code="o">004.6782 DOTP</subfield>
    <subfield code="p">076310</subfield>
    <subfield code="r">2022-12-30 00:00:00</subfield>
    <subfield code="v">950.00</subfield>
    <subfield code="w">2022-12-30</subfield>
    <subfield code="y">BK</subfield>
  </datafield>
</record>
